00456 a2200121 4500001000900000005001700009008004100026245011400067100002600181700003400207773007600241999001700317ART_944420260410161836.0260409a 10aPautas para una mejor determinación del resultado sectorial en las áreas de finanzas y comercialización1 aYardin, Amaro Ramón1 aRodríguez Jauregui, Hugo A.0 tContabilidad y administracióng- Año 4, Nº 45 (mar. 1981)wREV5485 c23634d23634